| 000 | 00324nam a22001337a 4500 | ||
|---|---|---|---|
| 020 | _a9789692316927 | ||
| 082 | _a954.92 JUN | ||
| 100 |
_aJunaid Ahmed _969793 |
||
| 245 | _aBangladesh ki takhleeq | ||
| 260 |
_aPakistan _bAJA Publisher _c2018 |
||
| 300 | _axviii,540 P | ||
| 650 |
_aFasany aur Haqqaqu _969794 |
||
| 942 | _cBK | ||
| 999 |
_c576915 _d576915 |
||